Read your child's thoughts: Pre - school learning Piaget's way (Record no. 1374471)

MARC details
000 -LEADER
fixed length control field 00561nam a2200193Ia 4500
005 - DATE AND TIME OF LATEST TRANSACTION
control field 20250508162120.0
008 - FIXED-LENGTH DATA ELEMENTS--GENERAL INFORMATION
fixed length control field 008 250505s9999 xx 000 0 eng d
037 ## - SOURCE OF ACQUISITION
Stock number Textual
040 ## - CATALOGING SOURCE
Original cataloging agency FEDL
Language of cataloging eng
Transcribing agency FEDL
041 ## - LANGUAGE CODE
Language code of text/sound track or separate title eng
Source of code eng
084 ## - COLON CLASSIFICATION NUMBER
Classification number 155.413, PIA
Assigning agency FEDL
100 ## - MAIN ENTRY--PERSONAL NAME
Personal name Sime Mary
9 (RLIN) 317877
245 #0 - TITLE STATEMENT
Title Read your child's thoughts: Pre - school learning Piaget's way
260 ## - PUBLICATION, DISTRIBUTION, ETC.
Place of publication, distribution, etc. London, UK
Name of publisher, distributor, etc. Thamas and Hudson
Date of publication, distribution, etc. 1980
300 ## - PHYSICAL DESCRIPTION
Extent 144p
650 ## - SUBJECT ADDED ENTRY--TOPICAL TERM
Topical term or geographic name entry element Child psychology
942 ## - ADDED ENTRY ELEMENTS (KOHA)
Koha item type Textual
Classification part 155.413, PIA
Holdings
Withdrawn status Lost status Damaged status Not for loan Home library Current library Date acquired Total Checkouts Full call number Barcode Date last seen Price effective from Koha item type
        Department of Education Library Department of Education Library 2025-05-08   155.413, PIA EL0064526 2025-05-08 2025-05-08 Textual
Copyright @ Delhi University Library System